[Event "FIDE World Blitz 2014"]
[Site "Dubai UAE"]
[Date "2014.06.20"]
[Round "19.22"]
[White "Potkin, Vladimir"]
[Black "Karjakin, Sergey"]
[Result "1/2-1/2"]
[WhiteTitle "GM"]
[BlackTitle "GM"]
[WhiteElo "2621"]
[BlackElo "2771"]
[WhiteFideId "4131061"]
[BlackFideId "14109603"]
[EventDate "2014.06.19"]

1. c4 Nf6 2. Nc3 e6 3. e4 d5 4. e5 d4 5. exf6 dxc3 6. bxc3 Qxf6 7. d4 e5 8. Nf3
Nc6 9. d5 Nb8 10. Bg5 Qd6 11. Bd3 Nd7 12. O-O f6 13. Be3 Nc5 14. Bxc5 Qxc5 15.
Nd2 Qe7 16. Re1 Bd7 17. Rb1 O-O-O 18. a4 Qa3 19. Rb3 Qxa4 20. Qb1 b6 21. Qb2 Qa6
22. Ra1 Qb7 23. c5 Qxd5 24. cxb6 Bc6 25. Bf5+ Rd7 26. Ne4 axb6 27. c4 Qd4 28.
Qxd4 exd4 29. Rd3 Bc5 30. Nxc5 bxc5 31. Ra5 Re8 32. f3 Re5 33. Bxd7+ Kxd7 34.
Kf2 Kd6 35. Rd2 Re3 36. Raa2 Bd7 37. Re2 Rd3 38. Red2 Rc3 39. Rac2 Rxc2 40. Rxc2
Be6 41. Ke1 h5 42. Kd2 h4 43. Rc1 g5 44. g3 hxg3 45. hxg3 Bf7 46. Kd3 Bg6+ 47.
Kd2 Bh5 48. g4 Bf7 49. Kd3 Ke5 50. Re1+ Kf4 51. Re7 Bg6+ 52. Ke2 d3+ 53. Kf2 d2
54. Ke2 d1=B+ 55. Kxd1 Kxf3 56. Re6 Kxg4 57. Rxf6 Be4 58. Ke2 Kg3 59. Ke3 Bg2
60. Rf5 g4 61. Rxc5 c6 62. Rg5 Bf3 63. c5 Kg2 64. Kf4 Kf2 65. Rg7 Ke2 66. Rd7
Kf2 67. Rg7 Ke2 68. Rd7 1/2-1/2

[Event "FIDE World Blitz 2014"]
[Site "Dubai UAE"]
[Date "2014.06.20"]
[Round "19.23"]
[White "Yu, Yangyi"]
[Black "Ipatov, Alexander"]
[Result "1-0"]
[WhiteTitle "GM"]
[BlackTitle "GM"]
[WhiteElo "2675"]
[BlackElo "2613"]
[WhiteFideId "8603820"]
[BlackFideId "14116731"]
[EventDate "2014.06.19"]

1. e4 e5 2. Nf3 Nf6 3. Nxe5 Nxe4 4. Qe2 Qe7 5. Qxe4 d6 6. d4 dxe5 7. dxe5 Nc6 8.
Nc3 Qxe5 9. Qxe5+ Nxe5 10. Bf4 Bd6 11. Bg3 Bd7 12. Ne4 O-O-O 13. Nxd6+ cxd6 14.
O-O-O Bc6 15. f3 h5 16. h4 Rh6 17. Rd2 Rg6 18. Bf2 b6 19. Bd4 f6 20. b3 Kc7 21.
a4 Re8 22. Kb2 Rg3 23. Ba6 Bb7 24. Bb5 Bc6 25. Ra1 a5 26. Bf1 Rg6 27. Rad1 Nf7
28. Bd3 Rh6 29. Bf5 Rhh8 30. Bf2 d5 31. Bd3 Ne5 32. Bb5 Rd8 33. c4 g5 34. hxg5
h4 35. gxf6 Bxb5 36. axb5 h3 37. Bg3 1-0

[Event "FIDE World Blitz 2014"]
[Site "Dubai UAE"]
[Date "2014.06.20"]
[Round "19.25"]
[White "Najer, Evgeniy"]
[Black "Sokolov, Ivan"]
[Result "1-0"]
[WhiteTitle "GM"]
[BlackTitle "GM"]
[WhiteElo "2653"]
[BlackElo "2650"]
[WhiteFideId "4118987"]
[BlackFideId "14400030"]
[EventDate "2014.06.19"]

1. e4 e5 2. Nf3 Nc6 3. Bb5 f5 4. d3 Nf6 5. exf5 Nd4 6. Ba4 c6 7. O-O d5 8. Nxe5
Bd6 9. c3 Bxe5 10. Re1 O-O 11. Rxe5 Nxf5 12. Nd2 Nh4 13. h3 Nd7 14. Re3 Qf6 15.
Qf1 Ne5 16. Bd1 Bf5 17. d4 Nd3 18. Nf3 Rae8 19. Rxd3 Bxd3 20. Qxd3 Re1+ 21. Kh2
Qd6+ 22. g3 Rxd1 23. Qxd1 Nxf3+ 24. Kg2 Qe6 25. Be3 Qe4 26. Kf1 Nh2+ 27. Kg1
Nf3+ 28. Kf1 h5 29. Qb1 Nh2+ 30. Kg1 Nf3+ 31. Kf1 Nh2+ 32. Ke2 Qf3+ 33. Kd2 Qf7
34. Qd3 Nf3+ 35. Kc2 Qd7 36. Rh1 b6 37. Kb1 a5 38. a3 a4 39. Qg6 c5 40. dxc5
bxc5 41. Bxc5 Rb8 42. Bb4 Nd2+ 43. Ka1 d4 44. Qd6 Nb3+ 45. Ka2 Qf7 46. Qxb8+ Kh7
47. Qf8 Qe6 48. Rd1 Nd2+ 49. Ka1 Nb3+ 50. Kb1 d3 51. Qf3 Nd2+ 52. Rxd2 Qe1+ 53.
Qd1 1-0

[Event "FIDE World Blitz 2014"]
[Site "Dubai UAE"]
[Date "2014.06.20"]
[Round "19.26"]
[White "Fressinet, Laurent"]
[Black "Fedoseev, Vladimir3"]
[Result "1/2-1/2"]
[WhiteTitle "GM"]
[BlackTitle "GM"]
[WhiteElo "2717"]
[BlackElo "2662"]
[WhiteFideId "608742"]
[BlackFideId "24130737"]
[EventDate "2014.06.19"]

1. e4 c5 2. Nf3 d6 3. Bb5+ Bd7 4. Bxd7+ Qxd7 5. O-O Nc6 6. c3 Rc8 7. d4 Nf6 8.
d5 Na5 9. Bg5 Nxe4 10. Re1 Nxg5 11. Nxg5 g6 12. Qf3 Qf5 13. Qg3 Bh6 14. Nf3 O-O
15. Na3 Qxd5 16. Rxe7 Rfe8 17. Qh4 Rxe7 18. Qxe7 Bf8 19. Qh4 Re8 20. Qa4 Nc6 21.
Qb5 Re7 22. h3 Bg7 23. Nc2 a6 24. Qb6 Qd3 25. Ne3 Qb5 26. Qxb5 axb5 27. Rd1 Rd7
28. Nd5 Kf8 29. a3 h6 30. Nd2 Rd8 31. Ne4 f5 32. Nd2 Kf7 33. Nb3 Bf8 34. Kf1 Re8
35. Nc7 Re5 36. Nxb5 Re6 37. a4 Ne5 38. Nd2 d5 39. Nf3 Nxf3 40. gxf3 Re5 41. f4
Re4 42. Rxd5 Rxa4 43. Rd7+ Kf6 44. Rxb7 Rxf4 45. Nc7 Re4 46. Rb6+ Kf7 47. Nd5
Re5 48. c4 Re4 49. b3 Bg7 50. Rb7+ Kf8 51. f3 Re6 52. Nf4 Rd6 53. b4 cxb4 54.
Rxb4 g5 55. Nd5 Bd4 56. Ke2 Ra6 57. Kd3 Bc5 58. Rb3 Kf7 59. Rb7+ Kg6 60. Rb5
Ra3+ 61. Ke2 Ra2+ 62. Kd3 Ra3+ 63. Ke2 Ra2+ 64. Kd1 Bf8 65. c5 Ra4 66. c6 Bd6
67. c7 Bxc7 68. Nxc7 Rh4 69. Rb6+ Kf7 70. Nd5 f4 71. Ke2 Rxh3 72. Kf2 Rh2+ 73.
Kg1 Rd2 74. Rf6+ Kg7 75. Rd6 h5 76. Rd7+ Kh6 77. Rd6+ Kg7 78. Rd7+ Kh6 79. Rd6+
Kg7 80. Rd7+ Kh6 81. Rd6+ Kg7 82. Rd7+ 1/2-1/2

[Event "FIDE World Blitz 2014"]
[Site "Dubai UAE"]
[Date "2014.06.20"]
[Round "19.27"]
[White "Dubov, Daniil"]
[Black "Gundavaa, Bayarsaikhan"]
[Result "1-0"]
[WhiteTitle "GM"]
[BlackTitle "GM"]
[WhiteElo "2614"]
[BlackElo "2501"]
[WhiteFideId "24126055"]
[BlackFideId "4901045"]
[EventDate "2014.06.19"]

1. Nf3 Nf6 2. g3 b5 3. Bg2 Bb7 4. O-O e6 5. d3 c5 6. e4 d6 7. Nc3 b4 8. Ne2 Be7
9. Ng5 Qc7 10. f4 h6 11. Nf3 Nbd7 12. h3 c4 13. Be3 O-O 14. g4 Rac8 15. f5 cxd3
16. cxd3 Ne5 17. Nfd4 Qd7 18. Nf4 exf5 19. Nxf5 Rfe8 20. a3 d5 21. Bd4 Bf8 22.
Bxe5 Rxe5 23. d4 Rxe4 24. Bxe4 dxe4 25. axb4 a6 26. Qd2 g6 27. Ne3 Bg7 28. d5 g5
29. Nfg2 Rd8 30. Nf5 Nxd5 31. Rad1 Bf8 32. Nge3 Qe6 33. Qf2 Rd7 34. Nxd5 Rxd5
35. Rxd5 Qxd5 36. Ne3 Qe6 37. Qf5 Qxf5 38. Nxf5 Bxb4 39. Nxh6+ Kg7 40. Rxf7+
Kxh6 41. Rxb7 Bc5+ 42. Kf1 Bd4 43. Ke2 Kg6 44. b3 Kf6 45. Rc7 Ke5 46. Rf7 Ke6
47. Rf5 1-0

[Event "FIDE World Blitz 2014"]
[Site "Dubai UAE"]
[Date "2014.06.20"]
[Round "19.28"]
[White "Efimenko, Zahar"]
[Black "Ragger, Markus"]
[Result "1/2-1/2"]
[WhiteTitle "GM"]
[BlackTitle "GM"]
[WhiteElo "2648"]
[BlackElo "2632"]
[WhiteFideId "14107201"]
[BlackFideId "1610856"]
[EventDate "2014.06.19"]

1. Nf3 Nf6 2. g3 d5 3. Bg2 c6 4. d3 Bg4 5. O-O Nbd7 6. Nbd2 e5 7. e4 dxe4 8.
dxe4 Bc5 9. h3 Bh5 10. Qe1 O-O 11. Nb3 Bb6 12. a4 a5 13. Nbd2 Re8 14. Nc4 Bc5
15. Bd2 b6 16. Bc3 Qc7 17. Nh4 Nf8 18. Kh1 N6d7 19. Nf5 Ne6 20. f4 f6 21. fxe5
Nxe5 22. Nxe5 fxe5 23. Bf3 Bxf3+ 24. Rxf3 Rad8 25. Qe2 Bd4 26. Raf1 Kh8 27. h4
Bxc3 28. Rxc3 Nd4 29. Qg4 Nxf5 30. Qxf5 c5 31. Rcf3 h6 32. Qg6 Qd6 33. Qxd6 Rxd6
34. Rf8+ Rxf8 35. Rxf8+ Kh7 36. Rb8 h5 37. Kg2 Kg6 38. Kf3 Kf6 39. Ke3 g6 40. b3
Ke7 41. Rb7+ Kf6 42. Kf3 g5 43. Rh7 Kg6 44. Rb7 g4+ 45. Ke3 Rf6 46. Ke2 Rd6 47.
Rb8 Kg7 48. Re8 Kf6 49. Rh8 Kg6 50. Rg8+ Kf6 51. Rg5 Rd4 52. Ke3 Rd1 53. Rxh5
Re1+ 54. Kf2 Rc1 55. Rh6+ Kg7 56. Rxb6 Rxc2+ 57. Kf1 Rc1+ 58. Ke2 Rc3 59. Rb5
Rxg3 60. Rxc5 Rxb3 61. Rxe5 Rb4 62. Rxa5 Rxe4+ 63. Kf2 Rb4 64. Kg3 Kh6 65. Ra8
Kh7 66. a5 Ra4 67. a6 Kg7 68. h5 Kh7 69. Kh4 Kg7 70. Ra7+ Kh6 71. Ra8 Kg7 72.
Kg3 Kh6 73. a7 Kh7 74. Kh4 g3+ 75. Kxg3 Ra1 76. Kf3 Kg7 77. Ke3 Kh7 78. Kd3 Kg7
79. Kc4 Kh7 80. Kc5 Rc1+ 81. Kb4 Rb1+ 82. Ka5 Ra1+ 83. Kb6 Rb1+ 84. Kc6 Rc1+ 85.
Kd6 Rd1+ 1/2-1/2

[Event "FIDE World Blitz 2014"]
[Site "Dubai UAE"]
[Date "2014.06.20"]
[Round "19.29"]
[White "Anton Guijarro, David"]
[Black "Guseinov, Gadir"]
[Result "1-0"]
[WhiteTitle "GM"]
[BlackTitle "GM"]
[WhiteElo "2631"]
[BlackElo "2613"]
[WhiteFideId "2285525"]
[BlackFideId "13401378"]
[EventDate "2014.06.19"]

1. e4 c5 2. Nc3 g6 3. h4 h5 4. Bc4 Bg7 5. d3 Nc6 6. a3 d6 7. Ba2 Nf6 8. Bg5 Rb8
9. Qd2 b5 10. Nh3 a5 11. a4 b4 12. Nb5 Nd4 13. Nxd4 cxd4 14. Nf4 e6 15. Ne2 Qb6
16. f3 Nh7 17. Bf4 Nf8 18. Bg3 Nd7 19. O-O Nc5 20. Bc4 Ba6 21. Bxa6 Qxa6 22. b3
Nd7 23. f4 Qc6 24. Rac1 O-O 25. f5 exf5 26. exf5 Rbe8 27. Nf4 Ne5 28. Rce1 Qc3
29. Qxc3 dxc3 30. Nd5 Ng4 31. Re4 Rxe4 32. dxe4 Be5 33. Bxe5 dxe5 34. fxg6 fxg6
35. Rxf8+ Kxf8 36. Kf1 Kf7 37. Ke2 g5 38. hxg5 Kg6 39. Nb6 Kxg5 40. Nc4 Kf4 41.
Nxa5 Ne3 42. Nc6 Nxc2 43. a5 Na1 44. a6 Nxb3 45. a7 c2 46. Nxb4 c1=N+ 47. Kd1 1-0

[Event "FIDE World Blitz 2014"]
[Site "Dubai UAE"]
[Date "2014.06.20"]
[Round "19.30"]
[White "Durarbayli, Vasif"]
[Black "Lenic, Luka"]
[Result "1/2-1/2"]
[WhiteTitle "GM"]
[BlackTitle "GM"]
[WhiteElo "2590"]
[BlackElo "2659"]
[WhiteFideId "13402935"]
[BlackFideId "14603853"]
[EventDate "2014.06.19"]

1. e4 e5 2. Nf3 Nc6 3. Bb5 a6 4. Ba4 Nf6 5. Qe2 b5 6. Bb3 Be7 7. c3 O-O 8. d3 d6
9. Nbd2 Na5 10. Bc2 c5 11. Nf1 Nc6 12. Ng3 Re8 13. O-O h6 14. Rd1 Bf8 15. h3 Bb7
16. Nf5 d5 17. Nh2 Ne7 18. Ng3 Ng6 19. Ng4 Nxg4 20. Qxg4 Qh4 21. Qf3 Qd8 22. a4
Nh4 23. Qg4 Bc8 24. Qe2 Bb7 25. axb5 axb5 26. Rxa8 Bxa8 27. Qg4 Ng6 28. Nf5 Qf6
29. Qf3 Qd8 30. Qg4 Qf6 31. h4 Kh8 32. Qh3 Nf4 33. Qg4 h5 34. Qf3 g6 35. Bxf4
exf4 36. Ne3 dxe4 37. dxe4 Qxh4 38. Nd5 Bxd5 39. Rxd5 Kg8 40. Bd3 Rb8 41. e5 c4
42. Be2 Qg4 43. Qxg4 hxg4 44. Bxg4 b4 45. Rd4 bxc3 46. bxc3 Rb1+ 47. Kh2 Bg7 48.
Rxc4 Bxe5 49. Bf3 Rc1 50. Rc8+ Kg7 51. c4 f5 52. Rc5 Kf6 53. Rc6+ Kg7 54. c5 g5
55. Bh5 f3+ 56. g3 g4 57. Rg6+ Kf8 58. Rg5 Bd4 59. Rxf5+ Ke7 60. Bxg4 Bxf2 61.
Rxf3 Bxc5 62. Bh5 Bd6 63. Kh3 Ra1 64. Rf7+ Ke6 65. Rf3 Ra3 66. Bf7+ Ke7 67. Bb3
Ra1 68. Kg2 Rc1 69. g4 Be5 70. Rf7+ Kd6 71. g5 Rc3 72. Bd1 Rg3+ 73. Kf2 Rxg5 74.
Bf3 1/2-1/2

[Event "FIDE World Blitz 2014"]
[Site "Dubai UAE"]
[Date "2014.06.20"]
[Round "19.32"]
[White "Kryvoruchko, Yuriy"]
[Black "Al-Modiahki, Mohamad"]
[Result "0-1"]
[WhiteTitle "GM"]
[BlackTitle "GM"]
[WhiteElo "2707"]
[BlackElo "2549"]
[WhiteFideId "14109182"]
[BlackFideId "12100030"]
[EventDate "2014.06.19"]

1. e4 c5 2. Nf3 Nc6 3. Bb5 g6 4. O-O Bg7 5. Re1 Nf6 6. e5 Nd5 7. Nc3 Nc7 8. Bxc6
dxc6 9. h3 O-O 10. d3 Ne6 11. Ne4 b6 12. b3 Nd4 13. Bb2 f5 14. Ned2 Ne6 15. a4
Qd5 16. a5 b5 17. Qe2 Rd8 18. Qe3 a6 19. Rad1 Bb7 20. h4 h6 21. Nf1 Nd4 22. c4
Nxf3+ 23. gxf3 Qe6 24. Qxc5 f4 25. Re4 Rf8 26. d4 Qh3 27. Nh2 Qxh4 28. d5 cxd5
29. cxd5 Rf5 30. Ng4 Qh3 31. Qxe7 Qxf3 32. Red4 Qxg4+ 33. Kf1 Qh3+ 34. Ke1 Rxe5+ 0-1

[Event "FIDE World Blitz 2014"]
[Site "Dubai UAE"]
[Date "2014.06.20"]
[Round "19.33"]
[White "Onischuk, Vladimir"]
[Black "Ganguly, Surya Shekhar"]
[Result "1-0"]
[WhiteTitle "GM"]
[BlackTitle "GM"]
[WhiteElo "2594"]
[BlackElo "2619"]
[WhiteFideId "14114038"]
[BlackFideId "5002150"]
[EventDate "2014.06.19"]

1. e4 c5 2. Nf3 e6 3. b3 b6 4. Bb2 Bb7 5. Nc3 Nc6 6. g3 Nf6 7. Bg2 Be7 8. O-O
Qc7 9. Nb5 Qb8 10. e5 Ng4 11. h3 a6 12. Na3 Nh6 13. Nc4 O-O 14. Nxb6 Ra7 15.
Nxd7 Qa8 16. Nxf8 Bxf8 17. g4 Nd4 18. Bxd4 cxd4 19. Nh4 g5 20. Bxb7 Qxb7 21. Ng2
f5 22. exf6 Bd6 23. Qe2 Qd5 24. c4 dxc3 25. dxc3 Nf7 26. Rad1 Qc6 27. Rfe1 Be5
28. c4 h6 29. Qe4 Qc5 30. Qg6+ Kf8 31. Qg7+ Ke8 32. Qg8+ Qf8 33. Qxf8+ Kxf8 34.
Re2 Bxf6 35. Rxe6 Kg7 36. Ne3 Ne5 37. Nf5+ Kf7 38. Rb6 Nd7 39. Rbd6 Ne5 40. c5
Rc7 41. b4 a5 42. a3 axb4 43. axb4 Nf3+ 44. Kf1 Ne5 45. Nxh6+ Kg7 46. Nf5+ Kf7
47. Ke2 Ra7 48. c6 Ra2+ 49. R1d2 Ra3 50. b5 Nc4 51. c7 Ra8 52. Rd8 Bxd8 1-0

[Event "FIDE World Blitz 2014"]
[Site "Dubai UAE"]
[Date "2014.06.20"]
[Round "19.34"]
[White "Salem, A.R. Saleh"]
[Black "Moradiabadi, Elshan"]
[Result "1-0"]
[WhiteTitle "GM"]
[BlackTitle "GM"]
[WhiteElo "2581"]
[BlackElo "2586"]
[WhiteFideId "9301348"]
[BlackFideId "12501255"]
[EventDate "2014.06.19"]

1. d4 e6 2. c4 Bb4+ 3. Nc3 Nc6 4. Nf3 Nf6 5. e3 d6 6. Bd3 e5 7. d5 Bxc3+ 8. bxc3
Ne7 9. e4 b6 10. Nd2 Bg4 11. f3 Bd7 12. Nf1 Ng6 13. g3 O-O 14. Ne3 Rc8 15. h4 h5
16. O-O Bh3 17. Rf2 c6 18. Kh2 Bd7 19. Bd2 Nh7 20. Kh1 Ne7 21. Qc2 Nf6 22. Rg1
Qc7 23. Qd1 Ng6 24. dxc6 Bxc6 25. Nd5 Nxd5 26. cxd5 Bd7 27. Qc2 Qc5 28. Re2 Ne7
29. g4 hxg4 30. fxg4 Ng6 31. Rh2 Nf4 32. Bf1 b5 33. Qd1 Qa3 34. Qf3 b4 35. Rg3
bxc3 36. Bxc3 Qc1 37. Bd2 Qb1 38. Rg1 Rc2 39. Bd3 Qxg1+ 40. Kxg1 Nxd3 41. Qxd3
Rxa2 42. Bb4 Ra1+ 43. Kg2 Rb8 44. Bc3 Ra3 45. Qd2 Rbb3 46. Rh3 Bxg4 47. Rg3 f5
48. exf5 Bxf5 49. Qg5 Ra2+ 50. Bd2 Be4+ 51. Kf2 Rxg3 52. Kxg3 Ra3+ 53. Kf2 Bxd5
54. Qd8+ Kh7 55. Qxd6 Be4 56. Qxa3 1-0

[Event "FIDE World Blitz 2014"]
[Site "Dubai UAE"]
[Date "2014.06.20"]
[Round "19.35"]
[White "Kasimdzhanov, Rustam"]
[Black "Moiseenko, Alexander"]
[Result "0-1"]
[WhiteTitle "GM"]
[BlackTitle "GM"]
[WhiteElo "2700"]
[BlackElo "2707"]
[WhiteFideId "14200244"]
[BlackFideId "14102560"]
[EventDate "2014.06.19"]

1. e4 c5 2. Nf3 Nc6 3. d4 cxd4 4. Nxd4 Nf6 5. Nc3 e5 6. Ndb5 d6 7. Na3 Be7 8.
Nc4 O-O 9. Ne3 Be6 10. g3 Rc8 11. Bg2 Nd4 12. O-O b5 13. Bd2 a6 14. a4 Qb6 15.
axb5 axb5 16. Ncd5 Nxd5 17. exd5 Bd7 18. Ba5 Qb7 19. Bb4 Rfd8 20. Qd3 g6 21. f4
Bf8 22. Kh1 Re8 23. fxe5 dxe5 24. Bxf8 Rxf8 25. Rf6 b4 26. Qe4 Bb5 27. Qxe5 Nxc2
28. Ng4 h5 29. Nh6+ Kh7 30. Nxf7 Rxf7 31. Be4 Rxf6 32. Qxf6 Nxa1 33. Qxg6+ Kh8
34. Qxh5+ Kg8 35. Qg6+ Kf8 36. Qf5+ Kg8 37. Qg6+ Kf8 38. Qf5+ Kg8 39. Qg6+ Kf8
40. Qf5+ Ke8 41. Qe6+ Kd8 42. Qg8+ Kc7 43. d6+ Kb8 0-1

[Event "FIDE World Blitz 2014"]
[Site "Dubai UAE"]
[Date "2014.06.20"]
[Round "19.36"]
[White "Kovalev, Vladislav"]
[Black "Volokitin, Andrei"]
[Result "1-0"]
[WhiteTitle "GM"]
[BlackTitle "GM"]
[WhiteElo "2554"]
[BlackElo "2638"]
[WhiteFideId "13504398"]
[BlackFideId "14107090"]
[EventDate "2014.06.19"]

1. e4 c5 2. Nf3 e6 3. Nc3 Nc6 4. d4 cxd4 5. Nxd4 Qc7 6. Be2 Nf6 7. O-O Be7 8.
Kh1 O-O 9. f4 d6 10. Be3 Nxd4 11. Qxd4 b6 12. Qd2 Bb7 13. Bd3 a6 14. a4 Nd7 15.
Qf2 Bf6 16. Rad1 Bxc3 17. bxc3 Nc5 18. Bd4 Nxe4 19. Bxe4 Bxe4 20. Bxg7 Kxg7 21.
Qd4+ Kg8 22. Qxe4 Qxc3 23. f5 d5 24. Qh4 Kh8 25. Rd4 Rg8 26. h3 Qxc2 27. Qf6+
Rg7 28. Rg4 Rg8 29. fxe6 fxe6 30. Qxg7+ 1-0

[Event "FIDE World Blitz 2014"]
[Site "Dubai UAE"]
[Date "2014.06.20"]
[Round "19.37"]
[White "Jobava, Baadur"]
[Black "Vahidov, Tair"]
[Result "1-0"]
[WhiteTitle "GM"]
[BlackTitle "GM"]
[WhiteElo "2713"]
[BlackElo "2446"]
[WhiteFideId "13601520"]
[BlackFideId "14200155"]
[EventDate "2014.06.19"]

1. c4 Nf6 2. Nc3 c5 3. g3 g6 4. Bg2 Bg7 5. Nf3 O-O 6. O-O Nc6 7. d4 cxd4 8. Nxd4
Qa5 9. e3 Ne5 10. Qe2 d6 11. Bd2 Qa6 12. Ndb5 Qb6 13. a4 a6 14. a5 Qc5 15. Na3
Bg4 16. f3 Bf5 17. Na4 Bd3 18. Qxd3 Nxd3 19. Nxc5 dxc5 20. Bc3 Ne8 21. f4 Nd6
22. Rab1 Rad8 23. e4 e5 24. Rfd1 Nb4 25. fxe5 Nc8 26. e6 fxe6 27. e5 Nc6 28.
Bxc6 bxc6 29. Nc2 Ne7 30. Ne1 Nf5 31. Rxd8 Rxd8 32. Kf2 Bh6 33. Nf3 Rf8 34. Ke2
Rd8 35. b4 cxb4 36. Rxb4 Ne3 37. Rb6 Rc8 38. Bd2 Nxc4 39. Bxh6 Nxb6 40. axb6 c5
41. Nd2 c4 42. Be3 c3 43. Nb3 c2 44. Kd3 a5 45. b7 c1=Q 46. Bxc1 Rd8+ 47. Kc4 a4
48. Na5 1-0

[Event "FIDE World Blitz 2014"]
[Site "Dubai UAE"]
[Date "2014.06.20"]
[Round "19.38"]
[White "Shyam, Sundar M."]
[Black "Mchedlishvili, Mikheil"]
[Result "1/2-1/2"]
[WhiteTitle "GM"]
[BlackTitle "GM"]
[WhiteElo "2468"]
[BlackElo "2632"]
[WhiteFideId "5019141"]
[BlackFideId "13600966"]
[EventDate "2014.06.19"]

1. e4 e6 2. d4 d5 3. Bd3 dxe4 4. Bxe4 Nf6 5. Bf3 c5 6. Ne2 cxd4 7. Qxd4 Bd6 8.
O-O Nc6 9. Bxc6+ bxc6 10. Rd1 Be7 11. Qxd8+ Bxd8 12. c4 c5 13. Nbc3 Be7 14. Bf4
Bb7 15. f3 O-O 16. Bd6 Bxd6 17. Rxd6 Rfc8 18. Rad1 Kf8 19. Ng3 Ke7 20. R6d2 Rd8
21. Kf2 Rxd2+ 22. Rxd2 Bc6 23. Nge2 Nd7 24. Nf4 Rb8 25. Nd3 f6 26. b3 Rb7 27.
Nb2 Rb8 28. h4 Rb7 29. Ke3 Rb8 30. h5 h6 31. f4 a6 32. g4 Rc8 33. Nd3 Rg8 34.
Rh2 Rd8 35. Nd1 Rc8 36. N1b2 Rb8 37. Kd2 Ra8 38. Kc3 Rd8 39. Rh3 Ra8 40. Rg3 Rf8
41. Rg1 Rh8 42. Nd1 Ra8 43. Ne3 a5 44. Re1 Kf7 45. a3 Rb8 46. Nc2 Ke7 47. Ne3
Kf7 48. Rg1 Rc8 49. Rg3 Be4 50. Nf2 Bc6 51. Nd3 Be4 52. Nf2 Bc6 53. Rg1 Ke7 54.
Re1 Kf7 55. Nd3 Rb8 56. Rd1 Ke7 57. Re1 Kf7 58. Rg1 Rc8 59. Rg3 Ke7 60. Rg1 Kf7
61. Re1 Rb8 62. Nb2 Rc8 63. Ned1 Rg8 64. Nf2 Rc8 65. Rd1 Ke7 66. Nbd3 Rb8 67.
Re1 Kf7 68. Re3 Rc8 69. Re1 Rb8 70. Re3 Rc8 71. Re1 e5 72. f5 1/2-1/2

[Event "FIDE World Blitz 2014"]
[Site "Dubai UAE"]
[Date "2014.06.20"]
[Round "19.39"]
[White "Tkachiev, Vladislav"]
[Black "Fier, Alexandr"]
[Result "0-1"]
[WhiteTitle "GM"]
[BlackTitle "GM"]
[WhiteElo "2625"]
[BlackElo "2580"]
[WhiteFideId "618438"]
[BlackFideId "2107139"]
[EventDate "2014.06.19"]

1. d4 d5 2. c4 e6 3. Nf3 c6 4. Qc2 Bd6 5. Bg5 f6 6. Bh4 Ne7 7. Bg3 Bb4+ 8. Nc3
Nf5 9. e3 Nxg3 10. hxg3 f5 11. cxd5 exd5 12. g4 Qf6 13. Bd3 fxg4 14. Ne5 Be6 15.
Bxh7 Rf8 16. Bg6+ Kd8 17. Bd3 Nd7 18. Ng6 Re8 19. O-O-O Rc8 20. Nf4 Bf7 21. Bf5
g5 22. Nh5 Bxh5 23. Rxh5 Rf8 24. Bxg4 Qxf2 25. Rh7 Qxc2+ 26. Kxc2 Rc7 27. Kb3
Bxc3 28. Kxc3 Nf6 29. Rxc7 Kxc7 30. Bf5 Rh8 31. Rf1 Kd6 32. Bd3 Ke7 33. Rf5 g4
34. Rg5 Kf7 35. e4 dxe4 36. Bc4+ Kf8 37. Rf5 Kg7 38. Rg5+ Kh6 39. Re5 Kg6 40.
Be6 Rh2 41. Bf5+ Kf7 42. Bc8 b5 43. Bb7 Rxg2 44. Bxc6 Rg3+ 45. Kb4 Rd3 46. Kc5
g3 47. Bxe4 Nd7+ 48. Kd6 Nxe5 0-1

[Event "FIDE World Blitz 2014"]
[Site "Dubai UAE"]
[Date "2014.06.20"]
[Round "19.42"]
[White "Georgiev, Kiril"]
[Black "Debashis, Das"]
[Result "1-0"]
[WhiteTitle "GM"]
[BlackTitle "GM"]
[WhiteElo "2644"]
[BlackElo "2484"]
[WhiteFideId "2900017"]
[BlackFideId "5024854"]
[EventDate "2014.06.19"]

1. c4 Nf6 2. Nc3 e5 3. Nf3 Nc6 4. g3 Bc5 5. Bg2 d6 6. O-O O-O 7. d3 Nd4 8. Nd2
c6 9. e3 Ne6 10. Na4 Bb4 11. Nb3 d5 12. cxd5 cxd5 13. Bd2 Be7 14. Rc1 b6 15. Nc3
Ba6 16. Qc2 Rc8 17. Qb1 e4 18. dxe4 Bxf1 19. Rxf1 dxe4 20. Nxe4 Qd7 21. Bc3 Nxe4
22. Bxe4 h6 23. Rd1 Qc7 24. Bf5 Rfd8 25. Bxe6 fxe6 26. Nd4 Qd7 27. Rd2 Bf6 28.
Qe4 Qd5 29. Qg4 Qxa2 30. Nxe6 Rxd2 31. Bxf6 Rc1+ 32. Kg2 Qd5+ 33. Kh3 g5 34. e4
Qc4 35. Qf5 Qf1+ 36. Kg4 Qe2+ 37. f3 1-0

[Event "FIDE World Blitz 2014"]
[Site "Dubai UAE"]
[Date "2014.06.20"]
[Round "19.44"]
[White "Adly, Ahmed"]
[Black "Bartel, Mateusz"]
[Result "1-0"]
[WhiteTitle "GM"]
[BlackTitle "GM"]
[WhiteElo "2594"]
[BlackElo "2641"]
[WhiteFideId "10601619"]
[BlackFideId "1112635"]
[EventDate "2014.06.19"]

1. d4 d5 2. Nf3 c6 3. c4 e6 4. e3 Bd6 5. Nc3 f5 6. h3 Nf6 7. g4 O-O 8. gxf5 exf5
9. cxd5 cxd5 10. Qb3 Kh8 11. Bd2 Nc6 12. Bd3 Nb4 13. Be2 Nc6 14. Rc1 Be6 15. Na4
Rb8 16. Nc5 Qe7 17. Nxe6 Qxe6 18. Ng5 Qe7 19. Bf3 Ne4 20. h4 Nxd4 21. exd4 Nxg5+
22. Kf1 Nxf3 23. Qxf3 Qe4 24. Qxe4 fxe4 25. Rh3 Rbc8 26. Rb3 Rxc1+ 27. Bxc1 b6
28. Rb5 Rf5 29. Kg2 Be7 30. Kg3 h5 31. Be3 Kg8 32. a4 Kf7 33. a5 Bd8 34. a6 Ke6
35. Rb3 Rf3+ 36. Kg2 Bxh4 37. Rc3 Kd7 38. b4 Be7 39. b5 Rf8 40. Rc6 Bd6 41. Rc1
Rc8 42. Rh1 g6 43. Rg1 Ke6 44. Kh3 Rg8 45. Rg5 Bc7 46. Kg2 Bd6 47. Kh3 Rg7 48.
Kg2 Rg8 49. Kh3 h4 50. Kg2 Bc7 51. Kh3 Rg7 52. Kg2 Bd6 53. Kh3 Bc7 54. Kg2 Bd6
55. Kh3 Bb8 56. Kg4 Bc7 57. Kh3 Bd6 58. Kg2 Bc7 59. Kh3 Bd6 60. Rg1 Be7 61. Rc1
Kd7 62. Rg1 g5 63. Kg4 Rg8 64. Kh3 Rc8 65. Bxg5 Rg8 66. Kxh4 Ke6 67. Rg4 Rh8+
68. Kg3 Bd6+ 69. Bf4 Bxf4+ 70. Kxf4 Rf8+ 71. Ke3 Rf3+ 72. Ke2 Rb3 73. Rg6+ Kf5
74. Rg7 Rxb5 75. Rxa7 Rb4 76. Ke3 Rb3+ 77. Ke2 Rb4 78. Rf7+ Ke6 79. a7 Ra4 80.
Rb7 Kf5 81. Kf1 Ra2 82. Re7 Kf4 83. Rf7+ Kg4 84. Rg7+ Kf5 85. Rd7 Rxa7 86. Rxa7 1-0

[Event "FIDE World Blitz 2014"]
[Site "Dubai UAE"]
[Date "2014.06.20"]
[Round "19.45"]
[White "Sandipan, Chanda"]
[Black "Al-Sayed, Mohammed"]
[Result "1-0"]
[WhiteTitle "GM"]
[BlackTitle "GM"]
[WhiteElo "2594"]
[BlackElo "2505"]
[WhiteFideId "5004225"]
[BlackFideId "12100196"]
[EventDate "2014.06.19"]

1. d4 Nf6 2. Nf3 g6 3. Nbd2 d5 4. e3 c5 5. dxc5 Qa5 6. a3 Qxc5 7. b4 Qc7 8. Bb2
Bg7 9. Be2 O-O 10. O-O Rd8 11. c4 dxc4 12. Bxc4 Bg4 13. Qb3 e6 14. Rac1 Bxf3 15.
Nxf3 Nc6 16. Bc3 a6 17. Qb2 Ne8 18. Bxg7 Nxg7 19. a4 Qe7 20. b5 axb5 21. axb5
Nb8 22. Rfd1 Nd7 23. Nd4 Nb6 24. Be2 Rac8 25. Rxc8 Rxc8 26. Rc1 Rxc1+ 27. Qxc1
e5 28. Nb3 Qb4 29. Qc7 Qxb3 30. Qxb6 Qd5 31. g3 Ne6 32. Bg4 Nc5 33. Qc7 h5 34.
Be2 Ne6 35. Qc8+ Kg7 36. b6 h4 37. gxh4 e4 38. Bg4 f5 39. Be2 Nc5 40. h5 gxh5
41. Bxh5 Kf6 42. Qf8+ Ke5 43. Qg7+ Kd6 44. Qc7+ 1-0